000
00223 a2200097 4500
001
35010
100
_a
Traister
245
_a
Operational Amplifier Circuit manual
260
_a
NY
_b
Academic Press
_c
090
_c
23162
_d
23162
942
_a
NUST-CAE
_c
M
_c
14628
999
_c
270083
_d
270083